[Event "Blitz 2018"]
[Site "Saint-Petersburg"]
[Date "2018.12.29"]
[Round "4"]
[Board "56"]
[White "Tsoi Dmitry (RUS)"]
[Black "Roiz Michael (ISR)"]
[Result "0-1"]
[LiveChessVersion "1.4.8"]
[BlackElo "2617"]
[WhiteElo "2387"]

1. Nf3 {[%clk 0:03:03]} d5 {[%clk 0:03:03]} 2. g3 {[%clk 0:03:04]} g6
{[%clk 0:03:04]} 3. Bg2 {[%clk 0:03:05]} Bg7 {[%clk 0:03:05]} 4. O-O
{[%clk 0:03:05]} Nf6 {[%clk 0:03:06]} 5. d3 {[%clk 0:03:07]} O-O {[%clk 0:03:07]}
6. Nbd2 {[%clk 0:03:08]} Nc6 {[%clk 0:03:06]} 7. e4 {[%clk 0:03:07]} dxe4
{[%clk 0:03:07]} 8. dxe4 {[%clk 0:03:07]} a5 {[%clk 0:03:07]} 9. c3
{[%clk 0:03:08]} Nd7 {[%clk 0:03:05]} 10. Qc2 {[%clk 0:03:03]} Nc5
{[%clk 0:03:05]} 11. Nc4 {[%clk 0:02:48]} Qd3 {[%clk 0:02:47]} 12. Qxd3
{[%clk 0:02:45]} Nxd3 {[%clk 0:02:48]} 13. Rd1 {[%clk 0:02:45]} Rd8
{[%clk 0:02:39]} 14. Bf1 {[%clk 0:02:43]} Bg4 {[%clk 0:02:12]} 15. Rxd3
{[%clk 0:02:26]} Rxd3 {[%clk 0:02:13]} 16. Bxd3 {[%clk 0:02:27]} Bxf3
{[%clk 0:02:14]} 17. Bf4 {[%clk 0:02:27]} Rd8 {[%clk 0:02:11]} 18. Bc2
{[%clk 0:02:27]} e5 {[%clk 0:02:08]} 19. Bg5 {[%clk 0:02:21]} f6 {[%clk 0:02:05]}
20. Be3 {[%clk 0:02:21]} Bf8 {[%clk 0:02:05]} 21. Nd2 {[%clk 0:02:18]} Be2
{[%clk 0:02:03]} 22. Re1 {[%clk 0:02:16]} Ba6 {[%clk 0:01:59]} 23. a4
{[%clk 0:02:13]} Bc5 {[%clk 0:01:54]} 24. Bb3+ {[%clk 0:01:20]} Kg7
{[%clk 0:01:54]} 25. Bxc5 {[%clk 0:01:21]} Rxd2 {[%clk 0:01:55]} 26. Ba3
{[%clk 0:01:22]} Bd3 {[%clk 0:01:36]} 27. f3 {[%clk 0:01:01]} Be2
{[%clk 0:01:24]} 28. Kf2 {[%clk 0:01:03]} Bc4+ {[%clk 0:01:22]} 29. Ke3
{[%clk 0:01:00]} Rd3+ {[%clk 0:01:23]} 30. Ke2 {[%clk 0:01:01]} Rxc3+
{[%clk 0:01:19]} 31. Bxc4 {[%clk 0:01:02]} Rxc4 {[%clk 0:01:20]} 32. Kd3
{[%clk 0:00:47]} Rxa4 {[%clk 0:01:17]} 33. Kc3 {[%clk 0:00:48]} b6
{[%clk 0:01:05]} 34. Rc1 {[%clk 0:00:47]} Nd4 {[%clk 0:00:54]} 35. Kd3
{[%clk 0:00:27]} c6 {[%clk 0:00:52]} 36. f4 {[%clk 0:00:24]} exf4
{[%clk 0:00:31]} 37. gxf4 {[%clk 0:00:22]} Kf7 {[%clk 0:00:29]} 38. h4
{[%clk 0:00:14]} c5 {[%clk 0:00:27]} 39. h5 {[%clk 0:00:12]} Nb5 {[%clk 0:00:26]}
40. hxg6+ {[%clk 0:00:08]} hxg6 {[%clk 0:00:27]} 41. Rh1 {[%clk 0:00:04]} Nxa3
{[%clk 0:00:28]} 42. bxa3 {[%clk 0:00:04]} Rxa3+ {[%clk 0:00:27]} 43. Kc4
{[%clk 0:00:05]} Ra4+ 44. Kd3 f5 {[%clk 0:00:24]} 45. Rh7+ {[%clk 0:00:05]} Ke6
{[%clk 0:00:25]} 46. Rg7 {[%clk 0:00:03]} Rxe4 {[%clk 0:00:19]} 47. Rxg6+
{[%clk 0:00:05]} Kd5 {[%clk 0:00:20]} 48. Rxb6 {[%clk 0:00:06]} Rxf4
{[%clk 0:00:21]} 49. Ra6 {[%clk 0:00:07]} a4 {[%clk 0:00:22]} 50. Ke3
{[%clk 0:00:08]} Re4+ 51. Kd3 Rd4+ {[%clk 0:00:23]} 52. Ke2 {[%clk 0:00:09]} Rb4
{[%clk 0:00:24]} 53. Kd3 {[%clk 0:00:09]} f4 {[%clk 0:00:24]} 54. Ra8
{[%clk 0:00:10]} f3 {[%clk 0:00:21]} 55. Rf8 {[%clk 0:00:10]} Rb3+
{[%clk 0:00:21]} 56. Kc2 {[%clk 0:00:12]} Kc4 {[%clk 0:00:21]} 57. Rf4+
{[%clk 0:00:12]} Kb5 {[%clk 0:00:23]} 58. Rf8 {[%clk 0:00:13]} Re3
{[%clk 0:00:23]} 59. Kd2 {[%clk 0:00:14]} Ra3 {[%clk 0:00:24]} 60. Kc2
{[%clk 0:00:15]} Kb4 {[%clk 0:00:25]} 61. Rb8+ {[%clk 0:00:13]} Kc4
{[%clk 0:00:26]} 62. Rf8 {[%clk 0:00:13]} Ra2+ {[%clk 0:00:27]} 63. Kb1
{[%clk 0:00:13]} Rf2 {[%clk 0:00:27]} 64. Rf5 {[%clk 0:00:10]} Kb4
{[%clk 0:00:28]} 65. Ka1 {[%clk 0:00:08]} c4 {[%clk 0:00:29]} 66. Rf8
{[%clk 0:00:08]} Kb3 {[%clk 0:00:29]} 67. Rb8+ {[%clk 0:00:09]} Kc3
{[%clk 0:00:30]} 68. Rf8 {[%clk 0:00:09]} Kd3 {[%clk 0:00:31]} 69. Rd8+
{[%clk 0:00:09]} Ke2 {[%clk 0:00:32]} 70. Kb2 {[%clk 0:00:09]} Rg2
{[%clk 0:00:31]} 71. Kc3 {[%clk 0:00:05]} f2 {[%clk 0:00:32]} 72. Re8+
{[%clk 0:00:05]} Kf1 {[%clk 0:00:33]} 73. Kd4 0-1

[Event "Blitz 2018"]
[Site "Saint-Petersburg"]
[Date "2018.12.29"]
[Round "4"]
[Board "57"]
[White "Jakovenko Dmitry (RUS)"]
[Black "Vishnu Prasanna. V (IND)"]
[Result "1-0"]
[LiveChessVersion "1.4.8"]
[BlackElo "2519"]
[WhiteElo "2616"]

1. Nf3 {[%clk 0:03:03]} Nf6 {[%clk 0:03:03]} 2. c4 {[%clk 0:03:04]} g6
{[%clk 0:03:03]} 3. Nc3 {[%clk 0:03:06]} Bg7 {[%clk 0:03:04]} 4. e4
{[%clk 0:03:07]} d6 {[%clk 0:03:05]} 5. d4 {[%clk 0:03:08]} O-O {[%clk 0:03:05]}
6. Be2 {[%clk 0:03:09]} e5 {[%clk 0:03:02]} 7. O-O {[%clk 0:03:10]} Nbd7
{[%clk 0:02:54]} 8. Qc2 {[%clk 0:03:09]} exd4 {[%clk 0:02:51]} 9. Nxd4
{[%clk 0:03:10]} Re8 {[%clk 0:02:52]} 10. Rd1 {[%clk 0:02:57]} c6
{[%clk 0:02:52]} 11. Bf4 {[%clk 0:02:39]} Qe7 {[%clk 0:02:50]} 12. f3
{[%clk 0:02:16]} Nh5 {[%clk 0:02:48]} 13. Be3 {[%clk 0:02:14]} f5
{[%clk 0:02:46]} 14. Bf2 {[%clk 0:02:04]} Nf4 {[%clk 0:02:21]} 15. Bf1
{[%clk 0:02:02]} fxe4 {[%clk 0:02:21]} 16. Nxe4 {[%clk 0:01:58]} Ne5
{[%clk 0:02:09]} 17. Re1 {[%clk 0:01:50]} Bd7 {[%clk 0:01:56]} 18. Rad1
{[%clk 0:01:44]} d5 {[%clk 0:01:53]} 19. cxd5 {[%clk 0:01:37]} cxd5
{[%clk 0:01:53]} 20. Nc3 {[%clk 0:01:27]} Qg5 {[%clk 0:01:32]} 21. Kh1
{[%clk 0:01:27]} Nc6 {[%clk 0:01:23]} 22. Rxe8+ {[%clk 0:01:21]} Rxe8
{[%clk 0:01:23]} 23. Qd2 {[%clk 0:01:16]} Nxd4 {[%clk 0:00:38]} 24. Bxd4
{[%clk 0:01:17]} Bxd4 {[%clk 0:00:38]} 25. Qxd4 {[%clk 0:01:18]} Bc6
{[%clk 0:00:39]} 26. Qxa7 {[%clk 0:01:11]} Ne6 {[%clk 0:00:26]} 27. Qf2
{[%clk 0:00:56]} d4 {[%clk 0:00:18]} 28. Ne2 {[%clk 0:00:40]} Qe3
{[%clk 0:00:10]} 29. Qxe3 {[%clk 0:00:41]} dxe3 {[%clk 0:00:10]} 30. Kg1
{[%clk 0:00:32]} g5 {[%clk 0:00:11]} 31. Nc3 {[%clk 0:00:28]} Nf4
{[%clk 0:00:11]} 32. Re1 {[%clk 0:00:23]} Re5 {[%clk 0:00:10]} 33. Ne4
{[%clk 0:00:16]} Ra5 {[%clk 0:00:06]} 34. a3 {[%clk 0:00:14]} g4 {[%clk 0:00:06]}
35. Rxe3 {[%clk 0:00:14]} gxf3 {[%clk 0:00:07]} 36. gxf3 {[%clk 0:00:15]} Kg7
{[%clk 0:00:07]} 37. Kf2 {[%clk 0:00:16]} Re5 {[%clk 0:00:06]} 38. Nc3
{[%clk 0:00:17]} Rh5 {[%clk 0:00:07]} 39. Kg3 {[%clk 0:00:17]} Ng6
{[%clk 0:00:08]} 40. f4 {[%clk 0:00:18]} Rc5 {[%clk 0:00:07]} 41. Bd3
{[%clk 0:00:19]} Nf8 {[%clk 0:00:07]} 42. Re5 {[%clk 0:00:20]} Nd7
{[%clk 0:00:06]} 43. Rxc5 {[%clk 0:00:21]} Nxc5 {[%clk 0:00:07]} 44. Bc2
{[%clk 0:00:22]} h6 {[%clk 0:00:07]} 45. b4 {[%clk 0:00:22]} Ne6 {[%clk 0:00:08]}
46. b5 {[%clk 0:00:23]} Bd7 {[%clk 0:00:10]} 47. a4 {[%clk 0:00:24]} Kf6
{[%clk 0:00:10]} 48. a5 {[%clk 0:00:26]} Nd4 {[%clk 0:00:11]} 49. Bd3
{[%clk 0:00:26]} Nb3 {[%clk 0:00:08]} 50. a6 {[%clk 0:00:27]} bxa6
{[%clk 0:00:09]} 51. bxa6 {[%clk 0:00:28]} Bc6 {[%clk 0:00:10]} 52. Be4
{[%clk 0:00:28]} 1-0

[Event "Blitz 2018"]
[Site "Saint-Petersburg"]
[Date "2018.12.29"]
[Round "4"]
[Board "58"]
[White "Antipov Mikhail Al. (RUS)"]
[Black "Reshetnikov Alexey (RUS)"]
[Result "1-0"]
[LiveChessVersion "1.4.8"]
[BlackElo "2473"]
[WhiteElo "2604"]

1. e4 {[%clk 0:03:03]} e6 {[%clk 0:03:04]} 2. d4 d5 3. Nd2 {[%clk 0:03:05]} dxe4
{[%clk 0:03:06]} 4. Nxe4 {[%clk 0:03:06]} Bd7 {[%clk 0:03:08]} 5. Nf3 Bc6 6. Bd3
{[%clk 0:03:07]} Nd7 {[%clk 0:03:11]} 7. c3 {[%clk 0:03:06]} Be7 {[%clk 0:03:12]}
8. Qe2 {[%clk 0:02:57]} Ngf6 {[%clk 0:03:08]} 9. Nxf6+ {[%clk 0:02:57]} Bxf6
{[%clk 0:03:08]} 10. Bf4 {[%clk 0:02:55]} O-O {[%clk 0:02:40]} 11. O-O-O
{[%clk 0:02:55]} Bd5 {[%clk 0:02:38]} 12. c4 {[%clk 0:02:29]} Bxf3
{[%clk 0:02:39]} 13. Qxf3 {[%clk 0:02:24]} c6 {[%clk 0:02:39]} 14. Bd6
{[%clk 0:01:44]} Re8 {[%clk 0:02:37]} 15. Kb1 {[%clk 0:01:41]} Nf8
{[%clk 0:02:24]} 16. c5 {[%clk 0:01:26]} Be7 {[%clk 0:02:19]} 17. Bg3
{[%clk 0:01:16]} Qa5 {[%clk 0:01:59]} 18. Be4 {[%clk 0:00:41]} Qb4
{[%clk 0:01:31]} 19. h4 {[%clk 0:00:30]} Rad8 {[%clk 0:01:22]} 20. Qc3
{[%clk 0:00:17]} Qa4 {[%clk 0:01:08]} 21. Bc2 {[%clk 0:00:14]} Qa6
{[%clk 0:01:05]} 22. Bd3 {[%clk 0:00:09]} b5 {[%clk 0:01:02]} 23. h5
{[%clk 0:00:08]} h6 {[%clk 0:00:58]} 24. Be4 {[%clk 0:00:08]} Nd7
{[%clk 0:00:48]} 25. Qf3 {[%clk 0:00:07]} Rc8 {[%clk 0:00:47]} 26. Bc2
{[%clk 0:00:06]} Qb7 {[%clk 0:00:28]} 27. Qd3 {[%clk 0:00:05]} Nf8
{[%clk 0:00:29]} 28. Be5 {[%clk 0:00:05]} Rcd8 {[%clk 0:00:25]} 29. Qg3
{[%clk 0:00:06]} f6 {[%clk 0:00:25]} 30. Bf4 {[%clk 0:00:07]} Rd5
{[%clk 0:00:21]} 31. Bxh6 {[%clk 0:00:08]} Bd8 {[%clk 0:00:20]} 32. Bf4
{[%clk 0:00:07]} Qd7 {[%clk 0:00:16]} 33. h6 {[%clk 0:00:06]} g5 {[%clk 0:00:17]}
34. Bd6 {[%clk 0:00:06]} Be7 {[%clk 0:00:18]} 35. Bxe7 {[%clk 0:00:04]} Rxe7
{[%clk 0:00:20]} 36. Qe3 {[%clk 0:00:04]} Kh8 {[%clk 0:00:15]} 37. Be4
{[%clk 0:00:04]} Re8 {[%clk 0:00:12]} 38. Bxd5 {[%clk 0:00:05]} Qxd5
{[%clk 0:00:14]} 39. Qf3 {[%clk 0:00:05]} Qxf3 {[%clk 0:00:12]} 40. gxf3
{[%clk 0:00:06]} Ng6 {[%clk 0:00:13]} 41. Kc2 {[%clk 0:00:06]} Nf4
{[%clk 0:00:14]} 42. a4 {[%clk 0:00:07]} b4 {[%clk 0:00:15]} 43. a5
{[%clk 0:00:07]} Kh7 {[%clk 0:00:16]} 44. Kb3 {[%clk 0:00:06]} Rb8
{[%clk 0:00:17]} 45. a6 {[%clk 0:00:07]} Ne2 {[%clk 0:00:16]} 46. Rd2
{[%clk 0:00:04]} Nf4 {[%clk 0:00:17]} 47. Rdd1 {[%clk 0:00:04]} Ne2
{[%clk 0:00:18]} 48. Kc4 {[%clk 0:00:05]} Nf4 {[%clk 0:00:18]} 49. Ra1
{[%clk 0:00:04]} Rd8 {[%clk 0:00:11]} 50. Rhe1 {[%clk 0:00:04]} Re8
{[%clk 0:00:11]} 51. Ra4 {[%clk 0:00:04]} Nd5 {[%clk 0:00:12]} 52. Rh1
{[%clk 0:00:04]} Rb8 {[%clk 0:00:11]} 53. b3 {[%clk 0:00:04]} Re8
{[%clk 0:00:12]} 54. Raa1 {[%clk 0:00:04]} Rb8 {[%clk 0:00:12]} 55. Rae1 Re8 56.
Re2 Nf4 57. Re4 {[%clk 0:00:07]} Nd5 {[%clk 0:00:15]} 58. Rhe1 {[%clk 0:00:07]}
Nc7 {[%clk 0:00:17]} 59. Kxb4 {[%clk 0:00:07]} Kxh6 {[%clk 0:00:18]} 60. Kc4
{[%clk 0:00:08]} Kg6 {[%clk 0:00:18]} 61. f4 {[%clk 0:00:06]} g4 {[%clk 0:00:19]}
62. R4e3 {[%clk 0:00:04]} Kf5 {[%clk 0:00:20]} 63. Rh1 {[%clk 0:00:05]} Kxf4
{[%clk 0:00:21]} 64. Rh7 {[%clk 0:00:06]} Nd5 {[%clk 0:00:22]} 65. Re1
{[%clk 0:00:04]} Rb8 {[%clk 0:00:22]} 66. Rb7 {[%clk 0:00:05]} Rh8
{[%clk 0:00:22]} 67. Rxe6 {[%clk 0:00:05]} Rh1 {[%clk 0:00:22]} 68. Rxc6
{[%clk 0:00:06]} Ke4 {[%clk 0:00:16]} 69. Re6+ {[%clk 0:00:07]} Kf3
{[%clk 0:00:16]} 70. Kxd5 {[%clk 0:00:07]} 1-0

[Event "Blitz 2018"]
[Site "Saint-Petersburg"]
[Date "2018.12.29"]
[Round "4"]
[Board "59"]
[White "Hovhannisyan Robert (ARM)"]
[Black "Shubin Kirill (RUS)"]
[Result "1/2-1/2"]
[LiveChessVersion "1.4.8"]
[BlackElo "2398"]
[WhiteElo "2588"]

1. e4 {[%clk 0:03:03]} e6 {[%clk 0:03:04]} 2. d4 {[%clk 0:03:04]} d5
{[%clk 0:03:05]} 3. Nc3 {[%clk 0:03:05]} Bb4 {[%clk 0:03:06]} 4. exd5
{[%clk 0:03:06]} exd5 {[%clk 0:03:07]} 5. Bd3 {[%clk 0:03:07]} c6
{[%clk 0:03:08]} 6. Nf3 {[%clk 0:03:04]} Ne7 {[%clk 0:03:09]} 7. O-O
{[%clk 0:03:03]} Bf5 {[%clk 0:03:09]} 8. Bxf5 {[%clk 0:03:03]} Nxf5
{[%clk 0:03:10]} 9. Re1+ {[%clk 0:02:56]} Ne7 {[%clk 0:03:06]} 10. Bd2
{[%clk 0:02:49]} O-O {[%clk 0:02:56]} 11. Ne2 {[%clk 0:02:50]} Bd6
{[%clk 0:02:49]} 12. Bf4 {[%clk 0:02:51]} Ng6 {[%clk 0:02:48]} 13. Bg3
{[%clk 0:02:42]} Na6 {[%clk 0:02:34]} 14. c3 {[%clk 0:02:41]} Nc7
{[%clk 0:02:33]} 15. Qb3 {[%clk 0:02:39]} Rb8 {[%clk 0:02:31]} 16. Bxd6
{[%clk 0:02:38]} Qxd6 {[%clk 0:02:32]} 17. Ng3 {[%clk 0:02:39]} Ne6
{[%clk 0:02:23]} 18. Re3 {[%clk 0:02:29]} Ngf4 {[%clk 0:02:03]} 19. Rae1
{[%clk 0:02:29]} g6 {[%clk 0:02:00]} 20. Ne5 {[%clk 0:02:19]} h5 {[%clk 0:01:34]}
21. Ne2 {[%clk 0:01:59]} Nxe2+ {[%clk 0:01:33]} 22. R1xe2 {[%clk 0:01:59]} Ng7
{[%clk 0:01:33]} 23. Qc2 {[%clk 0:01:49]} Rbc8 {[%clk 0:01:23]} 24. g3
{[%clk 0:01:40]} b6 {[%clk 0:01:18]} 25. h4 {[%clk 0:01:27]} c5 {[%clk 0:01:13]}
26. Rd3 {[%clk 0:01:22]} Rfe8 {[%clk 0:01:00]} 27. dxc5 {[%clk 0:01:09]} bxc5
{[%clk 0:01:01]} 28. Nf3 {[%clk 0:01:08]} Rxe2 {[%clk 0:00:52]} 29. Qxe2
{[%clk 0:01:09]} Nf5 {[%clk 0:00:39]} 30. Qd1 {[%clk 0:01:06]} Rd8
{[%clk 0:00:38]} 31. Kg2 {[%clk 0:01:03]} Qe6 {[%clk 0:00:29]} 32. b4
{[%clk 0:00:55]} cxb4 {[%clk 0:00:24]} 33. cxb4 {[%clk 0:00:57]} Qe4
{[%clk 0:00:23]} 34. Kg1 {[%clk 0:00:52]} Qxb4 {[%clk 0:00:17]} 35. Rxd5
{[%clk 0:00:48]} Rxd5 {[%clk 0:00:18]} 36. Qxd5 {[%clk 0:00:49]} Qe7
{[%clk 0:00:19]} 37. Kg2 {[%clk 0:00:46]} Qc7 {[%clk 0:00:15]} 38. Ng5
{[%clk 0:00:45]} Kg7 {[%clk 0:00:14]} 39. a4 {[%clk 0:00:38]} a5 {[%clk 0:00:13]}
40. Nh3 {[%clk 0:00:26]} Qb6 {[%clk 0:00:09]} 41. Nf4 {[%clk 0:00:23]} Qc7
{[%clk 0:00:08]} 42. Nxh5+ {[%clk 0:00:21]} gxh5 {[%clk 0:00:09]} 43. Qxf5
{[%clk 0:00:22]} Qc6+ {[%clk 0:00:11]} 44. Kh2 {[%clk 0:00:18]} Qxa4
{[%clk 0:00:12]} 45. Qe5+ {[%clk 0:00:15]} Kg6 {[%clk 0:00:13]} 46. Qg5+
{[%clk 0:00:16]} Kh7 {[%clk 0:00:13]} 47. Qxh5+ {[%clk 0:00:17]} Kg7
{[%clk 0:00:15]} 48. Qg5+ {[%clk 0:00:18]} Kh7 {[%clk 0:00:14]} 49. Qf6
{[%clk 0:00:16]} Kg8 {[%clk 0:00:11]} 50. h5 {[%clk 0:00:15]} Qc2
{[%clk 0:00:06]} 51. h6 {[%clk 0:00:09]} Qg6 {[%clk 0:00:07]} 52. Qd8+
{[%clk 0:00:07]} Kh7 {[%clk 0:00:08]} 53. Qxa5 {[%clk 0:00:07]} Qxh6+
{[%clk 0:00:09]} 54. Kg1 {[%clk 0:00:07]} Qc1+ {[%clk 0:00:09]} 55. Kg2
{[%clk 0:00:08]} Qc6+ {[%clk 0:00:10]} 56. f3 {[%clk 0:00:08]} Qc2+
{[%clk 0:00:09]} 57. Kh3 {[%clk 0:00:09]} Kg7 {[%clk 0:00:07]} 58. Qe5+
{[%clk 0:00:10]} Kg8 {[%clk 0:00:06]} 59. Qg5+ {[%clk 0:00:11]} Kf8
{[%clk 0:00:07]} 60. Qh6+ {[%clk 0:00:12]} Kg8 {[%clk 0:00:06]} 61. Qg5+
{[%clk 0:00:13]} Kf8 {[%clk 0:00:08]} 62. Qe3 {[%clk 0:00:14]} Qd1
{[%clk 0:00:05]} 63. Kg2 {[%clk 0:00:14]} Qc2+ {[%clk 0:00:06]} 64. Qf2
{[%clk 0:00:15]} Qc6 {[%clk 0:00:08]} 65. Qd2 {[%clk 0:00:16]} Kg8
{[%clk 0:00:06]} 66. g4 {[%clk 0:00:16]} Qc7 {[%clk 0:00:06]} 67. Qg5+
{[%clk 0:00:17]} Kf8 {[%clk 0:00:06]} 68. Qh6+ {[%clk 0:00:18]} Kg8
{[%clk 0:00:07]} 69. Qe3 {[%clk 0:00:19]} Qc6 {[%clk 0:00:05]} 70. Kg3
{[%clk 0:00:19]} Qd6+ {[%clk 0:00:05]} 71. f4 {[%clk 0:00:19]} Qc6
{[%clk 0:00:04]} 72. Qd3 {[%clk 0:00:17]} Qc7 {[%clk 0:00:05]} 73. g5
{[%clk 0:00:16]} Qc8 {[%clk 0:00:04]} 74. Qf3 {[%clk 0:00:16]} Qc7
{[%clk 0:00:04]} 75. Qe3 {[%clk 0:00:17]} Qd7 {[%clk 0:00:04]} 76. Qc3
{[%clk 0:00:17]} Qd6 {[%clk 0:00:04]} 77. Qb3 {[%clk 0:00:17]} Qd7
{[%clk 0:00:04]} 78. Qc4 {[%clk 0:00:12]} Qd6 {[%clk 0:00:04]} 79. Qe4
{[%clk 0:00:12]} Qd7 {[%clk 0:00:04]} 80. Qf3 {[%clk 0:00:12]} Qd6
{[%clk 0:00:05]} 81. Kg4 {[%clk 0:00:12]} Qd4 {[%clk 0:00:06]} 82. Qe2
{[%clk 0:00:11]} Qb4 {[%clk 0:00:04]} 83. Qe8+ {[%clk 0:00:11]} Kg7
{[%clk 0:00:05]} 84. Qe5+ {[%clk 0:00:12]} Kg8 {[%clk 0:00:06]} 85. Qe3
{[%clk 0:00:10]} Kg7 {[%clk 0:00:07]} 86. Kf5 {[%clk 0:00:07]} Qb1+
{[%clk 0:00:06]} 87. Qe4 {[%clk 0:00:07]} Qb6 {[%clk 0:00:04]} 88. Qe5+
{[%clk 0:00:08]} Kg8 {[%clk 0:00:05]} 89. Qe8+ {[%clk 0:00:09]} Kg7
{[%clk 0:00:06]} 90. Qe5+ {[%clk 0:00:10]} Kg8 {[%clk 0:00:07]} 91. Qd5
{[%clk 0:00:06]} Qb1+ {[%clk 0:00:05]} 92. Qe4 {[%clk 0:00:05]} Qb6
{[%clk 0:00:06]} 93. Kg4 {[%clk 0:00:05]} Kg7 {[%clk 0:00:05]} 94. f5
{[%clk 0:00:04]} Qg1+ {[%clk 0:00:05]} 95. Kh4 {[%clk 0:00:04]} Qh2+
{[%clk 0:00:06]} 96. Kg4 {[%clk 0:00:05]} Qg1+ {[%clk 0:00:07]} 97. Kf4
{[%clk 0:00:06]} Qh2+ {[%clk 0:00:08]} 98. Kg4 {[%clk 0:00:04]} Qg1+
{[%clk 0:00:09]} 99. Kh5 {[%clk 0:00:05]} Qh2+ {[%clk 0:00:08]} 100. Kg4
{[%clk 0:00:06]} Qg1+ {[%clk 0:00:09]} 101. Kf4 {[%clk 0:00:07]} Qh2+
{[%clk 0:00:08]} 102. Kf3 {[%clk 0:00:05]} Qh3+ {[%clk 0:00:09]} 103. Kf2
{[%clk 0:00:06]} Qh2+ {[%clk 0:00:09]} 104. Kf1 {[%clk 0:00:06]} Qh3+
{[%clk 0:00:08]} 105. Kg1 {[%clk 0:00:05]} Qg3+ {[%clk 0:00:07]} 106. Qg2
{[%clk 0:00:05]} Qe1+ {[%clk 0:00:08]} 107. Kh2 {[%clk 0:00:07]} Qh4+
{[%clk 0:00:09]} 108. Kg1 {[%clk 0:00:07]} Qe1+ {[%clk 0:00:10]} 109. Kh2
{[%clk 0:00:08]} Qh4+ {[%clk 0:00:12]} 110. Qh3 {[%clk 0:00:06]} Qxg5
{[%clk 0:00:12]} 111. Qc3+ {[%clk 0:00:07]} Qf6 {[%clk 0:00:11]} 112. Qg3+
{[%clk 0:00:08]} Kf8 {[%clk 0:00:12]} 113. Qb8+ {[%clk 0:00:09]} Kg7
{[%clk 0:00:14]} 114. Qg3+ {[%clk 0:00:10]} Kf8 {[%clk 0:00:15]} 115. Qf4
{[%clk 0:00:12]} Ke7 {[%clk 0:00:15]} 116. Qb4+ {[%clk 0:00:13]} Qd6+
{[%clk 0:00:16]} 117. Qxd6+ Kxd6 {[%clk 0:00:17]} 118. Kg3 {[%clk 0:00:13]} Ke5
{[%clk 0:00:19]} 119. f6 {[%clk 0:00:14]} Kxf6 {[%clk 0:00:19]} 120. Kf4
{[%clk 0:00:16]} 1/2-1/2

[Event "Blitz 2018"]
[Site "Saint-Petersburg"]
[Date "2018.12.29"]
[Round "4"]
[Board "61"]
[White "Rechlis Gad (ISR)"]
[Black "Sjugirov Sanan (RUS)"]
[Result "0-1"]
[LiveChessVersion "1.4.8"]
[BlackElo "2748"]
[WhiteElo "2500"]

1. e4 {[%clk 0:03:03]} c5 {[%clk 0:03:03]} 2. Nc3 {[%clk 0:03:03]} d6
{[%clk 0:03:03]} 3. f4 {[%clk 0:03:04]} g6 {[%clk 0:03:02]} 4. Nf3
{[%clk 0:03:05]} Bg7 {[%clk 0:03:03]} 5. Bb5+ {[%clk 0:02:59]} Bd7
{[%clk 0:03:04]} 6. Bc4 {[%clk 0:03:00]} Nc6 {[%clk 0:03:04]} 7. O-O
{[%clk 0:03:00]} Na5 {[%clk 0:03:01]} 8. Be2 {[%clk 0:02:58]} Nc6
{[%clk 0:02:46]} 9. Qe1 {[%clk 0:02:51]} Nd4 {[%clk 0:02:38]} 10. Bd1
{[%clk 0:02:48]} e6 {[%clk 0:02:26]} 11. e5 {[%clk 0:02:21]} Bc6 {[%clk 0:02:20]}
12. Ne4 {[%clk 0:02:05]} Bxe4 {[%clk 0:02:02]} 13. Qxe4 {[%clk 0:02:05]} d5
{[%clk 0:02:04]} 14. Qe3 {[%clk 0:01:57]} Nxf3+ {[%clk 0:02:01]} 15. Bxf3
{[%clk 0:01:53]} Rc8 {[%clk 0:02:01]} 16. Qb3 {[%clk 0:01:43]} Qd7
{[%clk 0:01:57]} 17. a4 {[%clk 0:01:24]} a6 {[%clk 0:01:54]} 18. d3
{[%clk 0:01:06]} h5 {[%clk 0:01:47]} 19. Be3 {[%clk 0:00:45]} Ne7
{[%clk 0:01:47]} 20. Qa3 {[%clk 0:00:44]} Qc7 {[%clk 0:01:42]} 21. b4
{[%clk 0:00:38]} cxb4 {[%clk 0:01:28]} 22. Qxb4 {[%clk 0:00:39]} Nf5
{[%clk 0:01:28]} 23. Bb6 {[%clk 0:00:38]} Qd7 {[%clk 0:01:28]} 24. c4
{[%clk 0:00:37]} Bf8 {[%clk 0:01:24]} 25. Qb3 {[%clk 0:00:36]} Bc5+
{[%clk 0:00:26]} 26. Bxc5 {[%clk 0:00:36]} Rxc5 {[%clk 0:00:28]} 27. cxd5
{[%clk 0:00:31]} exd5 {[%clk 0:00:29]} 28. Qb4 {[%clk 0:00:26]} Qc7
{[%clk 0:00:28]} 29. Rab1 {[%clk 0:00:22]} O-O {[%clk 0:00:24]} 30. Qxb7
{[%clk 0:00:22]} Qa5 {[%clk 0:00:24]} 31. Qb4 {[%clk 0:00:18]} Qc7
{[%clk 0:00:25]} 32. Qb6 {[%clk 0:00:13]} Qc8 {[%clk 0:00:25]} 33. Qf6
{[%clk 0:00:11]} Rc2 {[%clk 0:00:18]} 34. Kh1 {[%clk 0:00:08]} Qe6
{[%clk 0:00:13]} 35. Qxe6 {[%clk 0:00:07]} fxe6 {[%clk 0:00:15]} 36. Rb6
{[%clk 0:00:08]} Nd4 {[%clk 0:00:16]} 37. Rxa6 {[%clk 0:00:08]} Rxf4
{[%clk 0:00:15]} 38. a5 {[%clk 0:00:07]} Ra2 {[%clk 0:00:14]} 39. h3
{[%clk 0:00:07]} Kg7 {[%clk 0:00:14]} 40. Ra7+ {[%clk 0:00:06]} Kh6 41. a6 h4
{[%clk 0:00:14]} 42. Ra8 {[%clk 0:00:09]} Nf5 {[%clk 0:00:14]} 43. a7
{[%clk 0:00:10]} Ng3+ {[%clk 0:00:14]} 44. Kg1 {[%clk 0:00:11]} Rfa4
{[%clk 0:00:07]} 45. Rc1 {[%clk 0:00:09]} Rxa7 {[%clk 0:00:08]} 46. Rxa7
{[%clk 0:00:08]} Rxa7 {[%clk 0:00:09]} 47. Kf2 {[%clk 0:00:09]} d4
{[%clk 0:00:06]} 48. Bg4 {[%clk 0:00:07]} Ra2+ {[%clk 0:00:06]} 49. Kf3
{[%clk 0:00:08]} Rd2 {[%clk 0:00:07]} 50. Bxe6 {[%clk 0:00:06]} Rxd3+ 51. Kg4
{[%clk 0:00:07]} Re3 {[%clk 0:00:08]} 52. Kxh4 {[%clk 0:00:07]} d3
{[%clk 0:00:06]} 53. Rd1 {[%clk 0:00:07]} Ne4 {[%clk 0:00:05]} 54. Bc4
{[%clk 0:00:04]} g5+ {[%clk 0:00:06]} 55. Kg4 {[%clk 0:00:04]} Nf2+
{[%clk 0:00:08]} 0-1